Riconosci la Squadra di calcio - Quiz n°22 - Statistics

Statistiche generali
  • Questo quiz è stato fatto 68 volte
  • Il punteggio medio è 9 su 15
Statistiche sulle risposte
Indizio Risposta % Corretto
Colori sociali Bianco, azzurro
98%
Titoli nazionali 1 Trofeo Jacinto 1 campionato di Serie C1
81%
Simboli Bue
81%
Divisione nazionale 2023-2024 Quarta
78%
Trofei nazionali 1 Coppe Italia Serie D
74%
Fondazione 1933
67%
Rifondazione 1957
54%
Rifondazione 1988
54%
Rifondazione 1998
54%
Rifondazione 2012
54%
Rifondazione 2019
54%
Confederazione UEFA
52%
Capienza Stadio 7 490 posti
44%
Trofei internazionali 0
39%
Squadra Matera
11%
Nessun quiz corrispondente trovato
Distribuzione punteggi
Percentuale di utenti per punteggio
Percentile per numero di risposta
I tuoi punteggi nel tempo
Non hai fatto questo quiz